000 00684cam a2200205 i 4500
999 _c12919
_d12919
003 OSt
005 20240727115917.0
008 160331s2017 nyu 000 0 eng
010 _a 2016009905
020 _a9781616894924 (alk. paper)
040 _aDLC
_beng
_cDLC
_erda
_dDLC
042 _apcc
082 0 0 _a150.28/7
_223
245 0 0 _aPsychobook :
_bgames, tests. questionnaires, histories /
_cedited by Julian Rothenstein ; introduction by Lionel Shriver ; commentaries by Mel Gooding.
300 _a191 pages ;
_c31 cm
650 0 _aPsychological tests
_xHistory.
650 0 _aPsychological tests
_vMiscellanea.
700 1 _aRothenstein, Julian,
_d1948-
_eeditor.
942 _2ddc